| 000 | 01148nam a2200337Ia 4500 | ||
|---|---|---|---|
| 001 | dia_2982 | ||
| 003 | CHAP | ||
| 005 | 20230310104914.0 | ||
| 008 | 220117s1974 xx 000 0 und d | ||
| 010 | _a173486 | ||
| 040 | _cCHAP | ||
| 082 | _a641.1 H47 1974 | ||
| 100 |
_aHernández, Mercedes _954791 |
||
| 245 |
_aValor nutritivo de los alimentos mexicanos : tablas de uso práctico / _c Mercedes Hernández, Adolfo Chávez y Héctor Bourges |
||
| 250 | _a6a ed. | ||
| 260 |
_aMéxico : _b Instituto Nacional de la Nutrición, _c1974 |
||
| 300 | _a34 h. | ||
| 504 | _aBibliografía: h. 33-34 | ||
| 590 | _aTX551 H47 1974 | ||
| 650 |
_aComposición alimentaria _9151679 |
||
| 650 |
_aFood composition _9151680 |
||
| 650 |
_aNutritive value _9147443 |
||
| 650 |
_aValor nutritivo _9137923 |
||
| 700 |
_aBourges, Héctor, coaut. _9153847 |
||
| 700 |
_aChávez, Adolfo, coaut. _9153848 |
||
| 710 |
_aInstituto Nacional de la Nutrición (México). División de Nutrición _9151682 |
||
| 901 | _a641.1 H47 1974 | ||
| 902 | _aM | ||
| 905 | _a5232271974 mx an 8225223322spa16 | ||
| 942 |
_cLIBRO _2ddc |
||
| 999 |
_c173486 _d173486 |
||